000
00292nam a22001337a 4500
008
181022b xxu||||| |||| 00| 0 eng d
020
_a
9780521702409
041
_a
eng
080
_a
341
100
_a
15
101
_a
JUR
245
_a
Justice Across Borders
_c
Davis.J
942
_2
udc
_c
BK
999
_c
50408
_d
50408